000 00572nam a2200181Ia 4500
003 GCL
008 140319s9999 xx 000 0 ara d
040 _aGCL /
_cGCL
082 0 4 _a953.08
_bص م
100 1 _aصبحى عبدالمنعم
245 1 0 _aالمجتمع الحجازى فى العصر المملوكى /
_cصبحى عبدالمنعم
300 _a85 ص
490 _aالهيئة العامة للاستعلامات
_v0
650 0 4 _aدولة المماليك
650 0 4 _aالمماليك
650 0 4 _aالسعودية - تاريخ
942 _2ddc
_cBK
999 _c48052
_d48052